000 00601nam a2200181 i 4500
001 72630
003 ES-MaACL
005 20230906171510.0
007 t|
008 040902s1975 sp ||||1| spa d
100 1 _aGodoy Alcántara, José.
_957542
245 1 0 _aEnsayo histórico etimológico filológico sobre los apellidos castellanos /
_cJosé Godoy Alcántara.
260 _aBarcelona :
_bEl Albir,
_c1975.
300 _a280 p. ;
_c19 cm.
500 _aEs reprod. fasc. de la ed. de Madrid: Rivadeneyra, 1871.
650 4 _aApellidos-
_zEspaña.
_9148523
852 _aES-MaACL
_jE-9604
_bR.93458
999 _c72630
_d72630